000 00569nam a2200181Ia 4500
008 100920s9999 xx 000 0 und d
082 _b97050
_a28 व 51 न 05
100 _aतावडे सुर्यकांत.
245 _aतिरंगा.
260 _bअंजनी प्रकाशन, पुणे.
_c2005
300 _a63
_bसाधी
365 _b30
520 _aबा. वि चरित्र.
630 _aतिरंगा.
650 _aबा. वि चरित्र.
730 _aतिरंगा.
942 _cBOOK
999 _c737489
_d737486